00889nam a2200229 a 450000100060000000300080000600500170001400800410003103500190007204000380009104100080012908200260013710000230016324500920018626000470027830000340032549000630035950001290042250400320055165000290058383000470061245992BD-RjUL20211209054108.0160730s1964 ii a b 001 0 eng  a(BD-RjUL)46110 aDLCcMNUdm.c.dRCDdBD-RjULbeng aeng 223a330.182bRAS 19641 aRao, K. S.,d1914-10aStatistical inference and measurement of structural changes in an economy /bK. S. Rao. aLondon :bOxford University Press,cc1964. axvi, 345 p. :bill. ;c25 cm.1 aUniversity of Bombay publications. Economics Series, no. 7 aThe work was done in the Department of Economics ... [University of Bombay] for the Ph. D. degree in economics ... 1949-52." aBibliography: p. [333]-339. 0aEconomics, Mathematical. 0aUniversity of Bombay publications.vno. 7.